| 000 | 01012nam a22003257a 4500 | ||
|---|---|---|---|
| 003 | CHAP | ||
| 005 | 20220329143450.0 | ||
| 008 | 080619s2000 mx r 00010 spa d | ||
| 010 | _a97049 | ||
| 011 | _a98021 | ||
| 020 | _a8476300050 | ||
| 035 | _a108696 | ||
| 040 | _cCHAP | ||
| 082 | 0 | 4 |
_a464 _bD54 1991 |
| 245 | 0 | 0 |
_aDiccionario de sinónimos, antónimos y paronimos _c/por Michel Doezis |
| 250 | _a5 ed. | ||
| 260 |
_aMadrid : _bLIBSA, _c1991 |
||
| 300 | _a531 p. | ||
| 590 |
_aBATCH-UPD _b10 _c20130110 _lUCH01 _h1340 |
||
| 590 |
_aBATCH-UPD _b10 _c20130410 _lUCH01 _h0841 |
||
| 590 |
_aBATCH-UPD _b10 _c20130914 _lUCH01 _h1216 |
||
| 590 |
_aCONVERSION _b10 _c20130109 _lUCH01 _h1354 |
||
| 650 | 1 | 4 |
_aEspañol _xAntónimos _xDiccionarios. _937724 |
| 650 | 1 | 4 |
_aEspañol _xParónimos _xDiccionarios. _937740 |
| 650 | 1 | 4 |
_aEspañol _xSinónimos _xDiccionarios. _937745 |
| 700 | 1 |
_aDoezis, Michel _933337 |
|
| 901 | _aBK | ||
| 942 | _cLIBRO | ||
| 949 |
_a464 D54 1991 _bBC _cC _d33724002130660 _eC _h111305 _i108696 _st |
||
| 999 |
_c97049 _d97049 |
||